Historia cultural de los argentinos, tomo 1 /
Guardado en:
| Autor Principal: | |
|---|---|
| Formato: | Libro |
| Publicado: |
Argentina :
Troquel,
1975
|
| Materias: | |
| Etiquetas: |
Agregar Etiqueta
Sin Etiquetas, Sea el primero en etiquetar este registro!
|
| LEADER | 00620nam a22002055a 4500 | ||
|---|---|---|---|
| 001 | CEM.cems003379 | ||
| 005 | 19000101000000.0 | ||
| 008 | 130507s1975##################000#0#####d | ||
| 003 | CEMS | ||
| 082 | 0 | 4 | |a 982 |
| 100 | 1 | |a Ibañez, José Cosmelli | |
| 245 | 1 | 0 | |a Historia cultural de los argentinos, tomo 1 / |c José Cosmelli Ibañez |
| 260 | |a Argentina : |b Troquel, |c 1975 | ||
| 300 | |a 643 p. | ||
| 653 | |a Argentina precolombina | ||
| 653 | |a Historia | ||
| 653 | |a Historia argentina | ||
| 653 | |a Historia de america | ||
| 653 | |a Historia de la cultura-argenti | ||
| 859 | |a CEMS |b BIB. CEMS - 11 de abril |h 982 |i IB1/I |p 7848.80 |t Ej.1 | ||
